| 000 | 00326cam a22001097a 4500 | ||
|---|---|---|---|
| 008 | 180718b-- xxu||||| |||| 00| 0 eng d | ||
| 082 | _aY151103x54 A | ||
| 100 | _aIndia. Ministry of Law | ||
| 245 | _aThe Indian registration act, 1908 (16 of 1908) | ||
| 260 |
_aDelhi _bThe Manager of Publications _c-- |
||
| 500 | _aLibrary has 1966 | ||
| 999 |
_c491899 _d491899 |
||